Geschichte der griechischen Literatur / (Record no. 139922)

MARC details
000 -LEADER
campo de control de longitud fija 01541nam a2200289 4500
001 - NÚMERO DE CONTROL
campo de control 139922
003 - IDENTIFICADOR DE NÚMERO DE CONTROL
campo de control ES-MaACL
005 - FECHA Y HORA DE LA ÚLTIMA TRANSACCIÓN
campo de control 20251221185658.0
007 - CAMPO FIJO DE DESCRIPCIÓN FÍSICA--INFORMACIÓN GENERAL
campo de control de longitud fija t|
008 - DATOS DE LONGITUD FIJA--INFORMACIÓN GENERAL
campo de control de longitud fija 070214s1929 gw r ||||1| ger d
100 1# - ENTRADA PRINCIPAL--NOMBRE DE PERSONA
Nombre de persona Schmid, Wilhelm.
9 (RLIN) 104455
245 10 - MENCIÓN DEL TÍTULO
Título Geschichte der griechischen Literatur /
Mención de responsabilidad, etc. Von W. Schmid ... und Otto Stèahlin.
260 ## - PUBLICACIÓN, DISTRIBUCIÓN, ETC.
Lugar de publicación, distribución, etc. München :
Nombre del editor, distribuidor, etc. [s. n.],
Fecha de publicación, distribución, etc. 1929 (
Lugar de fabricación/manufactura Nördlingen :
Fabricante C. H. Beck)
300 ## - DESCRIPCIÓN FÍSICA
Extensión 2 t. en 4 v. ;
Dimensiones 25 cm.
490 1# - MENCIÓN DE SERIE
Mención de serie Handbuch der Altertumswissenschaft ;
Designación de volumen o secuencia 7
500 ## - NOTA GENERAL
Nota general Basado en: Geschichte der griechischen Litteratur / Wilhelm von Christ. - 6th ed. - 1912-1924 - 3 v.
500 ## - NOTA GENERAL
Nota general Contiene: t. I: Die klassische Periode der griechischen Literatur / von Wilhelm Schmid --- 1ª parte: Die griechischen Literatur vor der attischen Hegemonie --- 2ª parte: Die griechische Literatur in der Zeit der attischen Hegemonie vor dem Eingreifen der Sophistik ------- t. II: Die nachklassische Periode der griechischen Literatur / von Wilhelm von Christ.
700 1# - ENTRADA AGREGADA--NOMBRE PERSONAL
Nombre de persona Stèahlin, Otto.
9 (RLIN) 132938
700 0# - ENTRADA AGREGADA--NOMBRE PERSONAL
Nombre de persona Christ, Wilhelm von
9 (RLIN) 38643
740 0# - ENTRADA AGREGADA--TÍTULO RELACIONADO/ANALÍTICO NO CONTROLADO
Título relacionado o analítico no controlado Die klassische Periode der griechischen Literatur.
740 0# - ENTRADA AGREGADA--TÍTULO RELACIONADO/ANALÍTICO NO CONTROLADO
Título relacionado o analítico no controlado Die griechischen Literatur vor der attischen Hegemonie.
740 0# - ENTRADA AGREGADA--TÍTULO RELACIONADO/ANALÍTICO NO CONTROLADO
Título relacionado o analítico no controlado Die griechische Literatur in der Zeit der attischen Hegemonie vor dem Eingreifen der Sophistik.
740 0# - ENTRADA AGREGADA--TÍTULO RELACIONADO/ANALÍTICO NO CONTROLADO
Título relacionado o analítico no controlado Die nachklassische Periode der griechischen Literatur.
830 0# - PUNTO DE ACCESO ADICIONAL DE SERIE-TÍTULO UNIFORME
Título uniforme Handbuch der Altertumswissenschaft ;
Designación de volumen o secuencia 7
9 (RLIN) 184398
852 ## - LOCALIZACIÓN
Ubicación ES-MaACL
Número de control de estantería F-15180-83
Holdings
Estatus retirado Estado de pérdida Estado de daño No para préstamo Biblioteca de origen Biblioteca actual Ubicación en estantería Fecha de adquisición Fuente de adquisición Total de préstamos Signatura topográfica completa Código de barras Visto por última vez Precio de reemplazo Tipo de ítem Koha
        Biblioteca del Ateneo de Madrid Biblioteca del Ateneo de Madrid Sala Pecera Planta 2 17/01/2008     F-15180-83 1145606 23/02/2023 23/02/2023 Libro impreso